Inštitucionálny rámec Európskej únie a jeho reforma z pohľadu národno-štátnych záujmov SR diplomová práca

Enregistré dans:
Détails bibliographiques
Auteur principal: Habarová, Kristína
Collectivité auteur: Národohospodárska fakulta EU. Katedra hospodárskej politiky
Autres auteurs: Bracjun, Anatolij
Format: Livre
Langue:slovaque
Publié: Bratislava 2009
Tags: Ajouter un tag
Pas de tags, Soyez le premier à ajouter un tag!

MARC

LEADER 00000nam$a2200000$$$4500
001 0095731
005 20240319123809.8
041 0 |a slo 
044 |a SK 
245 1 0 |a Inštitucionálny rámec Európskej únie a jeho reforma z pohľadu národno-štátnych záujmov SR  |b diplomová práca  |c Kristína Habarová ; škol. Anatolij Bracjun 
264 1 |a Bratislava  |c 2009 
300 |a 79 s. 
100 1 |a Habarová, Kristína 
700 1 |a Bracjun, Anatolij 
710 2 |a Národohospodárska fakulta EU. Katedra hospodárskej politiky